00471cam a2200169ua 45000010005000000080039000050200015000440400009000590820010000681000031000782450066001092500009001752600048001843000013002326530014002456530042002594278111222n ii |||gr||||Z||||||eng a0195635086 cMAIN a306.81 aUberoi, Patricia,eEditor.11aFamily, kinship and marriage in Indiaced. by Patricia Uberoi a1st. aNew Delhi:bOxford university press,c2005. ax, 502p. aSociology aFamily, kinship and marriage in India